[Event "BL2-SW 8889"]
[Site "GER"]
[Date "1989.??.??"]
[Round "?"]
[White "Mandel, Andreas"]
[Black "Zude, Arno"]
[Result "1-0"]
[WhiteElo "2325"]
[BlackElo "2320"]
[PlyCount "65"]
[EventDate "1988.10.??"]
[Source "www.chesslib.no"]
[SourceDate "2004.05.04"]

1. d4 Nf6 2. Nf3 d5 3. c4 e6 4. Bg5 Be7 5. Nc3 O-O 6. e3 Nbd7 7. Rc1 c6 8. Bd3 dxc4 9. Bxc4 Nd5 10. Bxe7 Qxe7 11. O-O Nxc3 12. Rxc3 e5 13. dxe5 Nxe5 14. Nxe5 Qxe5 15. f4 Qe7 16. f5 Qe5 17. e4 Qxe4 18. Bd3 Qe5 19. Bc2 Qf6 20. Be4 Re8 21. Rd3 Qxb2 22. f6 Qe5 23. Qf3 g6 24. Qe3 Be6 25. Kh1 Bf5 26. Qh6 Qxf6 27. Bxf5 Qxf5 28. Rdf3 Qd5 29. Rh3 Re2 30. Qxh7+ Kf8 31. Rhf3 Ke7 32. Rxf7+ Kd8 33. Rf8+ 1-0

[Event "CSR Team Ch"]
[Site "Czekhoslovakia"]
[Date "1992.??.??"]
[Round "?"]
[White "Certek, Pavel"]
[Black "Franzen, Jozef"]
[Result "1/2-1/2"]
[WhiteElo "2325"]
[BlackElo "2315"]
[PlyCount "77"]
[EventDate "1992.??.??"]
[Source "www.chesslib.no"]
[SourceDate "2004.05.04"]

1. d4 Nf6 2. Nf3 d5 3. c4 e6 4. Nc3 Be7 5. Bg5 O-O 6. e3 Nbd7 7. Rc1 c6 8. Bd3 dxc4 9. Bxc4 Nd5 10. Bxe7 Qxe7 11. O-O Nxc3 12. Rxc3 e5 13. dxe5 Nxe5 14. Nxe5 Qxe5 15. f4 Qe4 16. Qe2 Bf5 17. Bd3 Qd5 18. e4 Qd4+ 19. Qf2 Qxf2+ 20. Kxf2 Bd7 21. Rd1 Rfe8 22. Be2 Re7 23. Rcd3 Be6 24. e5 f6 25. exf6 gxf6 26. Rg3+ Rg7 27. Bc4 Bf7 28. Rd6 Rxg3 29. Kxg3 b5 30. Bb3 Kg7 31. f5 a5 32. Be6 c5 33. Kf4 a4 34. a3 Rb8 35. Rd5 c4 36. Rd4 Rb7 37. g4 Re7 38. Rd6 Kf8 39. g5 1/2-1/2

[Event "CXSP"]
[Site "?"]
[Date "2004.01.08"]
[Round "2"]
[White "Aranha Filho Alvaro Z"]
[Black "Caldeira Adriano"]
[Result "1-0"]
[WhiteElo "2275"]
[BlackElo "2355"]
[PlyCount "75"]
[EventDate "2004.??.??"]
[Source "www.chesslib.no"]
[SourceDate "2004.05.04"]

1. d4 Nf6 2. Nf3 e6 3. c4 d5 4. Nc3 Nbd7 5. Bg5 Be7 6. e3 O-O 7. Rc1 c6 8. Bd3 dxc4 9. Bxc4 Nd5 10. Bxe7 Qxe7 11. O-O Nxc3 12. Rxc3 e5 13. dxe5 Nxe5 14. Nxe5 Qxe5 15. f4 Qe4 16. Re1 Bf5 17. Bd3 Qe6 18. e4 Rfe8 19. Rc1 Qf6 20. Qc2 Bd7 21. Qf2 Rad8 22. e5 Qe7 23. f5 Qg5 24. h4 Qh6 25. Rcd1 c5 26. Bc4 b5 27. Bxf7+ Kxf7 28. e6+ Kg8 29. Rxd7 Qf6 30. Rxd8 Qxd8 31. Qxc5 Qxh4 32. Qe5 a6 33. e7 Qf6 34. Qd5+ Qf7 35. Qd7 h6 36. g4 Kh7 37. Re6 h5 38. g5 1-0

[Event "NOR-chT"]
[Site "NOR"]
[Date "1990.??.??"]
[Round "?"]
[White "Stigar, Petter"]
[Black "Elseth, Roar"]
[Result "1/2-1/2"]
[WhiteElo "2290"]
[BlackElo "2335"]
[PlyCount "61"]
[EventDate "1990.??.??"]
[Source "ChessBase"]

1. d4 Nf6 2. c4 e6 3. Nc3 d5 4. Bg5 Be7 5. e3 c6 6. Nf3 Nbd7 7. Rc1 O-O 8. Bd3 dxc4 9. Bxc4 Nd5 10. Bxe7 Qxe7 11. O-O Nxc3 12. Rxc3 e5 13. Nxe5 Nxe5 14. dxe5 Qxe5 15. f4 Qf6 16. f5 b5 17. Bd3 Bb7 18. Qf3 b4 19. Rc2 Rfe8 20. Be4 Qe5 21. Bxc6 Bxc6 22. Rxc6 Qxb2 23. f6 g6 24. Rc4 Qe5 25. Rxb4 Qxe3+ 26. Qxe3 Rxe3 27. Rfb1 h5 28. Rb8+ Re8 29. Rxa8 Rxa8 30. Rb7 a5 31. a4 1/2-1/2

[Event "40-FS-XXIII UDSJ"]
[Site "?"]
[Date "1997.??.??"]
[Round "?"]
[White "Nikolic, Branislav"]
[Black "Matic, Radovan"]
[Result "1/2-1/2"]
[WhiteElo "2300"]
[BlackElo "2300"]
[PlyCount "38"]
[EventDate "1997.??.??"]
[Source "www.chesslib.no"]
[SourceDate "2004.05.04"]

1. d4 Nf6 2. c4 e6 3. Nf3 d5 4. Nc3 Be7 5. Bg5 O-O 6. e3 Ne4 7. Bxe7 Qxe7 8. Rc1 c6 9. Bd3 Nxc3 10. Rxc3 Nd7 11. O-O e5 12. dxe5 dxc4 13. Bxc4 Nxe5 14. Nxe5 Qxe5 15. f4 Qe4 16. Qe2 Bf5 17. Bd3 Qd5 18. e4 Qd4+ 19. Qf2 Qxf2+ 1/2-1/2

[Event "Zemplen Cup-A 10th"]
[Site "?"]
[Date "2000.07.02"]
[Round "8.5"]
[White "Suto Gabor"]
[Black "Gerbery Richard"]
[Result "1-0"]
[WhiteElo "2286"]
[BlackElo "2307"]
[PlyCount "83"]
[EventDate "2000.??.??"]
[Source "www.chesslib.no"]
[SourceDate "2004.05.04"]

1. d4 d5 2. Nf3 Nf6 3. c4 e6 4. Nc3 Nbd7 5. Bg5 Be7 6. e3 O-O 7. Rc1 c6 8. Bd3 dxc4 9. Bxc4 Nd5 10. Bxe7 Qxe7 11. O-O Nxc3 12. Rxc3 e5 13. dxe5 Nxe5 14. Nxe5 Qxe5 15. Qb3 b6 16. Rd1 Bf5 17. Bd3 Be6 18. Qc2 c5 19. Bxh7+ Kh8 20. f4 Qf6 21. Be4 Rae8 22. Bd5 Bxd5 23. Rxd5 g6 24. Rcd3 Rd8 25. Qd2 Rxd5 26. Rxd5 Re8 27. g3 Kg7 28. Kf2 Re4 29. Rd7 Rb4 30. b3 a5 31. Qd5 a4 32. h4 axb3 33. axb3 Qf5 34. Qxf5 gxf5 35. Rd3 Rb5 36. Kf3 Ra5 37. Rd6 Rb5 38. Rd3 Rb4 39. g4 fxg4+ 40. Kxg4 Kg6 41. h5+ Kh6 42. Kf5 1-0

[Event "Acropolis 2006 Open Section"]
[Site "http://www.chessfed.gr/Acropo"]
[Date "2006.08.21"]
[Round "9.28"]
[White "Logothetis, Sotirios"]
[Black "Delithanasis, Dimitrios"]
[Result "1/2-1/2"]
[WhiteElo "2321"]
[BlackElo "2264"]
[PlyCount "29"]
[EventDate "2006.08.13"]
[Source "www.chesslib.no"]
[SourceDate "2004.05.04"]

1. d4 d5 2. c4 e6 3. Nc3 Nf6 4. Bg5 Be7 5. e3 O-O 6. Nf3 Nbd7 7. Rc1 c6 8. Bd3 dxc4 9. Bxc4 Nd5 10. Bxe7 Qxe7 11. O-O Nxc3 12. Rxc3 e5 13. dxe5 Nxe5 14. Nxe5 Qxe5 15. Qc2 1/2-1/2

[Event "SVK Team Ch"]
[Site "Slovakia"]
[Date "1995.??.??"]
[Round "?"]
[White "Kantorik, Marian"]
[Black "Franzen, Jozef"]
[Result "1/2-1/2"]
[WhiteElo "2265"]
[BlackElo "2320"]
[PlyCount "121"]
[EventDate "1995.??.??"]
[Source "www.chesslib.no"]
[SourceDate "2004.05.04"]

1. d4 Nf6 2. c4 e6 3. Nf3 d5 4. Nc3 Be7 5. Bg5 O-O 6. e3 Nbd7 7. Rc1 c6 8. Bd3 dxc4 9. Bxc4 Nd5 10. Bxe7 Qxe7 11. O-O Nxc3 12. Rxc3 e5 13. dxe5 Nxe5 14. Nxe5 Qxe5 15. Qb3 Qe7 16. Rd1 Bf5 17. e4 Bg6 18. Re3 Rad8 19. Rxd8 Rxd8 20. e5 b5 21. Be2 a6 22. h3 Bf5 23. Bg4 Bxg4 24. hxg4 Rd5 25. Qc2 Rxe5 26. Rxe5 Qxe5 27. Qxc6 g6 28. g3 Qxb2 29. Qxa6 Qb1+ 30. Kh2 Qc2 31. Kg1 Qd1+ 32. Kg2 Qd5+ 33. Kg1 Kg7 34. Qa5 h6 35. Qc3+ Kh7 36. Qc2 Qe5 37. Qb3 Kg7 38. Kh2 Qd4 39. Kg2 b4 40. a3 Qe4+ 41. Kg1 bxa3 42. Qxa3 Qxg4 43. Qb2+ Kh7 44. Qb7 Qc4 45. Kg2 h5 46. Qe7 Qd5+ 47. Kg1 Kg7 48. Qc7 Qd4 49. Qe7 Qf6 50. Qe4 Kh6 51. Kg2 Qe6 52. Qd4 Kh7 53. Qb4 Qd5+ 54. Kg1 g5 55. Qb1+ Kg7 56. Qb2+ f6 57. Qb4 Qd7 58. Qe4 Kh6 59. Qb4 Qd1+ 60. Kg2 Qd5+ 61. Kg1 1/2-1/2

[Event "Corr"]
[Site "?"]
[Date "2005.03.08"]
[Round "?"]
[White "Kiese Matt"]
[Black "Sakic Radislav"]
[Result "1/2-1/2"]
[WhiteElo "2326"]
[BlackElo "2250"]
[PlyCount "76"]
[EventDate "2005.??.??"]
[Source "www.chesslib.no"]
[SourceDate "2004.05.04"]

1. d4 d5 2. c4 e6 3. Nc3 Nf6 4. Bg5 Be7 5. e3 O-O 6. Nf3 Nbd7 7. Rc1 c6 8. Bd3 dxc4 9. Bxc4 Nd5 10. Bxe7 Qxe7 11. O-O Nxc3 12. Rxc3 e5 13. dxe5 Nxe5 14. Nxe5 Qxe5 15. f4 Qe4 16. Qe2 Rd8 17. Bb3 Be6 18. Bc2 Qb4 19. a3 Qb6 20. b4 a5 21. Qh5 g6 22. Qc5 Qxc5 23. bxc5 Rd2 24. Rf2 Rad8 25. e4 R2d4 26. h3 Bc4 27. g3 h5 28. Kg2 Bd3 29. e5 Bxc2 30. Rfxc2 h4 31. Rb2 R8d7 32. Rcb3 Rc4 33. Rxb7 Rxb7 34. Rxb7 Rc2+ 35. Kg1 Rxc5 36. gxh4 Rc3 37. Kg2 Rxa3 38. Rc7 Rc3 1/2-1/2

[Event "05.OIBayEM Bad Wiessee op"]
[Site "?"]
[Date "2001.11.02"]
[Round "7"]
[White "Taggatz Mario"]
[Black "Hedke Fred[64Varrel"]
[Result "1/2-1/2"]
[WhiteElo "2213"]
[BlackElo "2360"]
[PlyCount "71"]
[EventDate "2001.??.??"]
[Source "www.chesslib.no"]
[SourceDate "2004.05.04"]

1. d4 Nf6 2. c4 e6 3. Nc3 d5 4. Bg5 Be7 5. e3 Nbd7 6. Nf3 O-O 7. Rc1 c6 8. Bd3 dxc4 9. Bxc4 Nd5 10. Bxe7 Qxe7 11. O-O Nxc3 12. Rxc3 e5 13. dxe5 Nxe5 14. Nxe5 Qxe5 15. f4 Qe7 16. f5 Qe5 17. Qf3 a5 18. a3 a4 19. Ba2 Ra5 20. f6 Qxf6 21. Qxf6 gxf6 22. Rxf6 Bf5 23. Bc4 Kg7 24. Rd6 Rc5 25. Bd3 Rxc3 26. bxc3 Be6 27. Rd4 b5 28. Rd6 Rc8 29. Be4 Bd5 30. Bf5 Rc7 31. e4 Bc4 32. Kf2 h5 33. Ke3 f6 34. Rd8 Kf7 35. Rh8 Ke7 36. Rxh5 1/2-1/2

[Event "Sochi women"]
[Site "Sochi RUS"]
[Date "1987.10.10"]
[Round "9"]
[White "Maksimovic, Suzana"]
[Black "Heintze, Marion"]
[Result "1/2-1/2"]
[WhiteElo "2345"]
[BlackElo "2200"]
[PlyCount "201"]
[EventDate "1987.10.02"]
[Source "www.chesslib.no"]
[SourceDate "2004.05.04"]

1. d4 d5 2. c4 e6 3. Nc3 Be7 4. Nf3 Nf6 5. Bg5 O-O 6. e3 c6 7. Rc1 Nbd7 8. Bd3 dxc4 9. Bxc4 Nd5 10. Bxe7 Qxe7 11. O-O Nxc3 12. Rxc3 e5 13. Nxe5 Nxe5 14. dxe5 Qxe5 15. f4 Qf6 16. f5 b5 17. Bb3 Bb7 18. Rf4 Rad8 19. Rd3 c5 20. Bc2 Rxd3 21. Qxd3 Qxb2 22. f6 g6 23. h3 Qe5 24. Qxb5 Qxe3+ 25. Rf2 Bd5 26. Bb3 a6 27. Qb6 Qe1+ 28. Rf1 Qe3+ 29. Rf2 Bxb3 30. axb3 Re8 31. Qxa6 Qxb3 32. Kh2 c4 33. Qc6 Qe3 34. Rc2 Qe5+ 35. g3 h5 36. Qxc4 Qxf6 37. Qc6 Qe5 38. Qc4 Qe3 39. Rg2 Re6 40. Qc8+ Kg7 41. Qd8 Qf3 42. Qd4+ Rf6 43. h4 Kh7 44. Qb2 Qf1 45. Qe2 Qa1 46. Qb2 Qa6 47. Qa2 Qc8 48. Rf2 Qe6 49. Qb2 Rxf2+ 50. Qxf2 Kg7 51. Qb2+ Qf6 52. Qd2 Qe5 53. Kg2 Kf6 54. Qd8+ Kf5 55. Qc8+ Qe6 56. Qc5+ Kf6 57. Qg5+ Kg7 58. Qd2 Qc4 59. Qb2+ Kf8 60. Qe5 Qe6 61. Qb8+ Ke7 62. Qc7+ Ke8 63. Qb8+ Kd7 64. Qb7+ Kd6 65. Qb6+ Kd5 66. Qb3+ Kc5 67. Qa3+ Kb5 68. Qb2+ Ka4 69. Qd4+ Kb3 70. Qd1+ Ka3 71. Qc1+ Ka4 72. Qa1+ Kb4 73. Qb2+ Qb3 74. Qd4+ Kb5 75. Qd7+ Kc5 76. Qc7+ Kd4 77. Qf4+ Kc3 78. Qe5+ Kd3 79. Qd6+ Ke2 80. Qa6+ Kd2 81. Qd6+ Kc2 82. Qc7+ Kb1 83. Qf4 Qd5+ 84. Kf2 Kc2 85. Qa4+ Kd3 86. Qa3+ Kd4 87. Qb2+ Kc4 88. Qc1+ Kd4 89. Qd1+ Ke5 90. Qe2+ Kf6 91. Qb2+ Qe5 92. Qd2 Kg7 93. Kg2 f6 94. Qd7+ Kf8 95. Qd8+ Kf7 96. Qd7+ Qe7 97. Qd5+ Kg7 98. Qd2 g5 99. hxg5 fxg5 100. Qd4+ Qf6 101. Qd7+ 1/2-1/2

[Event "Sao Paulo Open"]
[Site "Sao Paulo BRA"]
[Date "1991.??.??"]
[Round "8"]
[White "Toth, Christian Endre"]
[Black "Carvalho, Herbert A"]
[Result "1/2-1/2"]
[WhiteElo "2305"]
[BlackElo "2225"]
[PlyCount "43"]
[EventDate "1991.??.??"]
[Source "www.chesslib.no"]
[SourceDate "2004.05.04"]

1. d4 Nf6 2. c4 e6 3. Nc3 d5 4. Bg5 Be7 5. e3 O-O 6. Nf3 Nbd7 7. Rc1 c6 8. Bd3 dxc4 9. Bxc4 Nd5 10. Bxe7 Qxe7 11. O-O Nxc3 12. Rxc3 e5 13. dxe5 Nxe5 14. Nxe5 Qxe5 15. a3 Be6 16. Bxe6 Qxe6 17. Rd3 Qf6 18. Qb3 b6 19. Qc3 Qxc3 20. Rxc3 Rac8 21. Rd1 Rc7 22. Rd6 1/2-1/2

[Event "HUN Team Ch"]
[Site "HUN"]
[Date "1992.??.??"]
[Round "?"]
[White "Bacso, Gabor"]
[Black "Hevesi, Zoltan"]
[Result "1/2-1/2"]
[WhiteElo "2245"]
[BlackElo "2285"]
[PlyCount "38"]
[EventDate "1992.??.??"]
[Source "www.chesslib.no"]
[SourceDate "2004.05.04"]

1. d4 Nf6 2. c4 e6 3. Nf3 d5 4. Nc3 Be7 5. Bg5 Nbd7 6. e3 c6 7. Rc1 O-O 8. Bd3 dxc4 9. Bxc4 Nd5 10. Bxe7 Qxe7 11. O-O Nxc3 12. Rxc3 e5 13. dxe5 Nxe5 14. Nxe5 Qxe5 15. Qb3 b6 16. Rd1 Bf5 17. h3 Rac8 18. Bd3 Be6 19. Qc2 g6 1/2-1/2

[Event "Linares NL op 7th"]
[Site "Linares"]
[Date "2000.06.24"]
[Round "3"]
[White "Valenzuela, Luis"]
[Black "Romero, Claudio"]
[Result "1-0"]
[WhiteElo "2419"]
[BlackElo "2107"]
[PlyCount "79"]
[EventDate "2000.06.24"]
[Source "www.chesslib.no"]
[SourceDate "2004.05.04"]

1. Nf3 Nf6 2. d4 d5 3. c4 c6 4. Nc3 e6 5. Bg5 Be7 6. e3 Nbd7 7. Rc1 O-O 8. Bd3 dxc4 9. Bxc4 Nd5 10. Bxe7 Qxe7 11. O-O Nxc3 12. Rxc3 e5 13. dxe5 Nxe5 14. Nxe5 Qxe5 15. f4 Qf6 16. e4 Rd8 17. Bd3 Qd4+ 18. Kh1 Be6 19. Qe2 f6 20. Qh5 Bf7 21. Qh3 Qd7 22. Qh4 Bg6 23. Bc2 Re8 24. Rh3 h6 25. Rd3 Qe7 26. Qg4 Bxe4 27. Rd7 Qf8 28. Bxe4 Rxe4 29. Rxb7 Re7 30. Rb3 Rb8 31. Qf3 Rxb3 32. Qxb3+ Qf7 33. Qa4 Qd5 34. Rd1 Re2 35. Rg1 Rxb2 36. a3 a5 37. h3 Rd2 38. f5 Rd3 39. Qg4 Re3 40. Rb1 1-0

[Event "BCF-chT2 0001 (4NCL)"]
[Site "England"]
[Date "2000.??.??"]
[Round "1"]
[White "Beaumont, Chris"]
[Black "Rudd, Jack"]
[Result "0-1"]
[WhiteElo "2290"]
[BlackElo "2209"]
[PlyCount "116"]
[EventDate "2000.??.??"]
[Source "www.chesslib.no"]
[SourceDate "2004.05.04"]

1. Nf3 Nf6 2. c4 e6 3. Nc3 d5 4. d4 Be7 5. Bg5 O-O 6. e3 Nbd7 7. Rc1 c6 8. Bd3 dxc4 9. Bxc4 Nd5 10. Bxe7 Qxe7 11. O-O Nxc3 12. Rxc3 e5 13. dxe5 Nxe5 14. Nxe5 Qxe5 15. f4 Qe4 16. Bb3 Bf5 17. Qh5 g6 18. Qg5 Rad8 19. Bc2 Qe6 20. e4 Bxe4 21. f5 Qe5 22. Re3 f6 23. Qh6 gxf5 24. Rg3+ Qxg3 25. hxg3 Bxc2 26. Re1 Be4 27. g4 Rf7 28. Re2 Bb1 29. g5 Rdf8 30. a3 fxg5 31. Qxg5+ Rg7 32. Qe3 Be4 33. Qxa7 Bd5 34. Kf1 Bc4 35. Qd4 Rg4 36. Qc3 Re4 37. Qg3+ Kf7 38. Qc7+ Ke6 39. Qxb7 Bxe2+ 40. Kf2 Bb5 41. Qxh7 Re2+ 42. Kf3 Rxb2 43. Qh6+ Rf6 44. Qh8 Ke5 45. Qe8+ Kd5 46. Qd7+ Rd6 47. Qxf5+ Kc4 48. Qe4+ Rd4 49. Qe6+ Kc3 50. Qe5 Rb3 51. Kf2 Rb2+ 52. Kf3 Rbd2 53. g4 Kb3 54. g5 R2d3+ 55. Kf2 Rc4 56. g6 Rc2+ 57. Ke1 Rf3 58. Qe6+ Bc4 0-1

[Event "SWE-chT 9899"]
[Site "Sweden"]
[Date "1999.??.??"]
[Round "11"]
[White "Borvander, Tom"]
[Black "Malesevic, Nedelj"]
[Result "0-1"]
[WhiteElo "2171"]
[BlackElo "2322"]
[PlyCount "88"]
[EventDate "1998.??.??"]
[Source "www.chesslib.no"]
[SourceDate "2004.05.04"]

1. d4 d5 2. c4 e6 3. Nc3 Nf6 4. Nf3 Be7 5. Bg5 O-O 6. e3 Nbd7 7. Rc1 c6 8. Bd3 dxc4 9. Bxc4 Nd5 10. Bxe7 Qxe7 11. O-O Nxc3 12. Rxc3 e5 13. dxe5 Nxe5 14. Nxe5 Qxe5 15. f4 Qe7 16. f5 Qf6 17. Qe1 b5 18. Bb3 Re8 19. Rc5 Bb7 20. Qf2 Rad8 21. Re1 a5 22. a4 Re5 23. Rec1 h6 24. axb5 cxb5 25. Rc7 Bd5 26. Bc2 Qb6 27. f6 Bc4 28. Re7 Qxf6 29. Rxe5 Qxe5 30. b3 Bd5 31. Rd1 Re8 32. h3 Be4 33. Bd3 Rc8 34. Qf4 Qxf4 35. exf4 Rd8 36. Bc2 Rxd1+ 37. Bxd1 Kf8 38. Kf2 Ke7 39. g3 Kd6 40. Ke3 Bg2 41. h4 Kc5 42. Kd3 Kb4 43. Kc2 Ka3 44. Kc3 Bd5 0-1

[Event "Corr"]
[Site "?"]
[Date "1996.??.??"]
[Round "?"]
[White "Kristensen Finn"]
[Black "Vestergaard Steen"]
[Result "1/2-1/2"]
[WhiteElo "2275"]
[BlackElo "2185"]
[PlyCount "48"]
[EventDate "1996.??.??"]
[Source "www.chesslib.no"]
[SourceDate "2004.05.04"]

1. d4 Nf6 2. c4 e6 3. Nc3 d5 4. Bg5 Be7 5. e3 O-O 6. Nf3 Nbd7 7. Rc1 c6 8. Bd3 dxc4 9. Bxc4 Nd5 10. Bxe7 Qxe7 11. O-O Nxc3 12. Rxc3 e5 13. dxe5 Nxe5 14. Nxe5 Qxe5 15. f4 Qe7 16. f5 Rd8 17. f6 gxf6 18. Qh5 b5 19. Bb3 Be6 20. Bc2 f5 21. Bxf5 Bxf5 22. Qxf5 Rd6 23. e4 Rad8 24. Rcf3 R8d7 1/2-1/2

[Event "FIN-chT 9900"]
[Site "FIN"]
[Date "1999.??.??"]
[Round "?"]
[White "Hurme, Harri M"]
[Black "Molander, Riku"]
[Result "1/2-1/2"]
[WhiteElo "2224"]
[BlackElo "2234"]
[PlyCount "102"]
[EventDate "1999.??.??"]
[Source "www.chesslib.no"]
[SourceDate "2004.05.04"]

1. d4 d5 2. c4 e6 3. Nc3 Nf6 4. Bg5 Be7 5. e3 O-O 6. Nf3 c6 7. Rc1 Nbd7 8. Bd3 dxc4 9. Bxc4 Nd5 10. Bxe7 Qxe7 11. O-O Nxc3 12. Rxc3 e5 13. dxe5 Nxe5 14. Nxe5 Qxe5 15. f4 Qe4 16. Bb3 Bf5 17. Qh5 g6 18. Qe2 Rad8 19. Bc2 Qe6 20. e4 Rfe8 21. Qf2 Bxe4 22. Re1 Bxc2 23. Rxe6 Rd1+ 24. Qf1 Rxe6 25. Rxc2 Rxf1+ 26. Kxf1 Re4 27. g3 Kg7 28. Rd2 Rc4 29. Ke2 b6 30. Kd3 Rc1 31. Ke4 Kf6 32. a3 Ke6 33. g4 f5+ 34. gxf5+ gxf5+ 35. Kd3 Rf1 36. Ke3 a5 37. a4 Re1+ 38. Kf3 Re4 39. b3 Rb4 40. Re2+ Kf6 41. Re3 b5 42. Rc3 bxa4 43. Rxc6+ Kg7 44. bxa4 Rxa4 45. Kg3 h6 46. Ra6 Ra2 47. h3 Ra4 48. Kh4 Rxf4+ 49. Kh5 Rf3 50. h4 Rg3 51. Rg6+ Rxg6 1/2-1/2

[Event "San Salvador-ch"]
[Site "San Salvador"]
[Date "1998.??.??"]
[Round "3.2"]
[White "Pineda, Boris"]
[Black "Guevara Sanchez, Erick Marvin"]
[Result "1/2-1/2"]
[WhiteElo "2295"]
[BlackElo "2140"]
[PlyCount "39"]
[EventDate "1998.??.??"]
[Source "www.chesslib.no"]
[SourceDate "2004.05.04"]

1. c4 e6 2. Nc3 d5 3. d4 Nf6 4. Nf3 Be7 5. Bg5 Nbd7 6. e3 c6 7. Rc1 O-O 8. Bd3 dxc4 9. Bxc4 Nd5 10. Bxe7 Qxe7 11. O-O Nxc3 12. Rxc3 e5 13. dxe5 Nxe5 14. Nxe5 Qxe5 15. Qf3 Be6 16. Qg3 Qxg3 17. hxg3 Bxc4 18. Rxc4 Rfd8 19. Rfc1 Rd2 20. Rb4 1/2-1/2

[Event "Prague Cedok op"]
[Site "Prague"]
[Date "1996.??.??"]
[Round "8"]
[White "Hybl, Jaroslav"]
[Black "Koukolik, Alexander"]
[Result "1/2-1/2"]
[WhiteElo "2235"]
[BlackElo "2165"]
[PlyCount "102"]
[EventDate "1996.??.??"]
[Source "www.chesslib.no"]
[SourceDate "2004.05.04"]

1. d4 d5 2. c4 e6 3. Nc3 Nf6 4. Bg5 Be7 5. e3 c6 6. Nf3 O-O 7. Rc1 Nbd7 8. Bd3 dxc4 9. Bxc4 Nd5 10. Bxe7 Qxe7 11. O-O Nxc3 12. Rxc3 e5 13. dxe5 Nxe5 14. Nxe5 Qxe5 15. f4 Qe4 16. Qe2 Rd8 17. Bd3 Qe7 18. f5 Rd6 19. e4 Qe5 20. Qe3 Bd7 21. Rf2 b6 22. Qf4 Re8 23. Qxe5 Rxe5 24. Bc2 c5 25. Rd3 Rxd3 26. Bxd3 Bc6 27. Re2 Kf8 28. Kf2 b5 29. Ke3 f6 30. g4 Ke7 31. h4 h6 32. Kf4 c4 33. Bb1 b4 34. g5 hxg5+ 35. hxg5 Rc5 36. gxf6+ gxf6 37. e5 c3 38. exf6+ Kxf6 39. Re6+ Kf7 40. bxc3 bxc3 41. Bc2 Bd7 42. Re5 Rc4+ 43. Kg5 Ba4 44. Bxa4 Rxa4 45. Rc5 Rxa2 46. Rc7+ Kf8 47. Rxc3 Ra6 48. Rc8+ Kf7 49. Rd8 Rb6 50. Rd7+ Kf8 51. Rxa7 Rc6 1/2-1/2

[Event "Sao Paulo Charlier"]
[Site "Sao Paulo"]
[Date "1996.??.??"]
[Round "1"]
[White "Tsuboi, Edson Kenji"]
[Black "Chaves, Joara"]
[Result "1-0"]
[WhiteElo "2345"]
[BlackElo "2040"]
[PlyCount "78"]
[EventDate "1996.??.??"]
[Source "ChessBase"]

1. d4 d5 2. c4 e6 3. Nc3 Nf6 4. Bg5 Be7 5. Nf3 Nbd7 6. e3 c6 7. Bd3 O-O 8. O-O dxc4 9. Bxc4 Nd5 10. Bxe7 Qxe7 11. Rc1 Nxc3 12. Rxc3 e5 13. dxe5 Nxe5 14. Nxe5 Qxe5 15. f4 Qf6 16. f5 b5 17. Bb3 b4 18. Rc5 Ba6 19. Rf4 Rad8 20. Rd4 Qe7 21. Qc1 Rxd4 22. exd4 Qf6 23. Re5 g6 24. Qc5 Bd3 25. Qxb4 Bxf5 26. Qe7 Qg7 27. Qxa7 Bd3 28. Qe7 Qh6 29. Re3 Bf5 30. Qe5 Rc8 31. h3 Rf8 32. g4 Bd7 33. Rf3 Qc1+ 34. Rf1 Qh6 35. Kg2 c5 36. Qd6 Qd2+ 37. Rf2 Bc6+ 38. Qxc6 Qxd4 39. Qd5 Qe3 1-0

[Event "SLO-chT West"]
[Site "?"]
[Date "2001.11.17"]
[Round "3"]
[White "Starcic Tadej"]
[Black "Materni Anton"]
[Result "1/2-1/2"]
[WhiteElo "2248"]
[BlackElo "2132"]
[PlyCount "72"]
[EventDate "2001.??.??"]
[Source "www.chesslib.no"]
[SourceDate "2004.05.04"]

1. d4 d5 2. c4 c6 3. Nf3 Nf6 4. Nc3 e6 5. Bg5 Be7 6. e3 Nbd7 7. Rc1 O-O 8. Bd3 dxc4 9. Bxc4 Nd5 10. Bxe7 Qxe7 11. O-O Nxc3 12. Rxc3 e5 13. dxe5 Nxe5 14. Nxe5 Qxe5 15. f4 Qe4 16. Qe2 Kh8 17. f5 f6 18. Bd3 Qe5 19. e4 Bd7 20. Rf3 Rae8 21. Qf2 b6 22. Rh3 h6 23. Bc2 c5 24. Qe3 Rf7 25. Kf2 Bc6 26. b4 Bxe4 27. Qxe4 Qxe4 28. Bxe4 Rxe4 29. bxc5 bxc5 30. Rxc5 Ra4 31. a3 Kg8 32. Re3 Rd7 33. Kf3 Kf7 34. h3 h5 35. g3 g6 36. fxg6+ Kxg6 1/2-1/2

[Event "AUT-chT2O 9798"]
[Site "Austria"]
[Date "1998.??.18"]
[Round "9"]
[White "Nussbaumer, Johann"]
[Black "Zetthofer, Gerald"]
[Result "0-1"]
[WhiteElo "2145"]
[BlackElo "2220"]
[PlyCount "108"]
[EventDate "1997.??.??"]
[Source "www.chesslib.no"]
[SourceDate "2004.05.04"]

1. d4 d5 2. c4 e6 3. Nf3 Nf6 4. Nc3 c6 5. Bg5 Be7 6. e3 O-O 7. Rc1 Nbd7 8. Bd3 dxc4 9. Bxc4 Nd5 10. Bxe7 Qxe7 11. O-O Nxc3 12. Rxc3 e5 13. dxe5 Nxe5 14. Nxe5 Qxe5 15. f4 Qf6 16. f5 b6 17. e4 Bb7 18. Qd7 Rab8 19. Qc7 Qd8 20. Qf4 Qd4+ 21. Kh1 c5 22. Bd5 Bxd5 23. exd5 Qxf4 24. Rxf4 Rbd8 25. Rd3 Rfe8 26. Kg1 Rd6 27. Rf2 Re5 28. Rfd2 Rxf5 29. g3 g5 30. Kg2 g4 31. h3 h5 32. hxg4 hxg4 33. b3 Kg7 34. a4 Kg6 35. b4 cxb4 36. Rd4 Kg5 37. Rxb4 Rdxd5 38. Rxd5 Rxd5 39. Rc4 Rd2+ 40. Kf1 Ra2 41. Rb4 f5 42. Kg1 Kf6 43. Kf1 Ke5 44. Kg1 Rd2 45. a5 bxa5 46. Ra4 Rd5 47. Kf2 Kd6 48. Ke3 Kc6 49. Ra1 Kb5 50. Rb1+ Kc4 51. Rc1+ Kb3 52. Rc7 Rb5 53. Rxa7 a4 54. Kd4 a3 0-1

[Event "EU-ch U18 Girls"]
[Site "Peniscola"]
[Date "2002.10.03"]
[Round "5"]
[White "Hasanova, Elmira"]
[Black "Roelli, Corinne"]
[Result "1-0"]
[WhiteElo "2325"]
[BlackElo "2039"]
[PlyCount "69"]
[EventDate "2002.09.29"]
[Source "ChessBase"]
[SourceDate "2002.11.06"]

1. d4 d5 2. c4 e6 3. Nc3 Nf6 4. Bg5 Nbd7 5. e3 Be7 6. Nf3 c6 7. Bd3 dxc4 8. Bxc4 Nd5 9. Bxe7 Qxe7 10. Rc1 Nxc3 11. Rxc3 e5 12. dxe5 Nxe5 13. Nxe5 Qxe5 14. O-O O-O 15. f4 Qe4 16. Qe2 Re8 17. Bd3 Qe7 18. e4 Bf5 19. Re1 Qd7 20. Qf2 Qe7 21. Kf1 Bg6 22. f5 Bh5 23. e5 Qg5 24. Bc4 Rad8 25. Kg1 Rd2 26. Qf1 Bg4 27. Rg3 h5 28. h3 Qh4 29. Qf4 Rd4 30. Qxd4 Qxg3 31. Re3 Qh4 32. hxg4 Rd8 33. Qf4 Rd1+ 34. Bf1 hxg4 35. e6 1-0

[Event "Politiken Cup"]
[Site "Copenhagen"]
[Date "1997.07.14"]
[Round "9"]
[White "Petersen, Steen"]
[Black "Mulligan, Stephen"]
[Result "1-0"]
[WhiteElo "2140"]
[BlackElo "2220"]
[PlyCount "119"]
[EventDate "1997.??.??"]
[Source "www.chesslib.no"]
[SourceDate "2004.05.04"]

1. d4 d5 2. c4 e6 3. Nc3 Nf6 4. Bg5 Be7 5. e3 O-O 6. Nf3 Nbd7 7. Rc1 c6 8. Bd3 dxc4 9. Bxc4 Nd5 10. Bxe7 Qxe7 11. O-O Nxc3 12. Rxc3 e5 13. dxe5 Nxe5 14. Nxe5 Qxe5 15. f4 Qe4 16. Qe2 Bf5 17. Bd3 Qe6 18. e4 Rfe8 19. Re1 Qd6 20. Qf2 Qe7 21. Kf1 Bd7 22. f5 Qf6 23. g4 h6 24. h4 Re7 25. Qg3 Qe5 26. Kf2 Rae8 27. Rc2 c5 28. Rce2 Bc6 29. Qxe5 Rxe5 30. Kf3 b6 31. Kf4 Kf8 32. g5 hxg5+ 33. hxg5 f6 34. gxf6 gxf6 35. Rg1 c4 36. Bc2 R8e7 37. Rg6 Rf7 38. Rxf6 Rxe4+ 39. Rxe4 Rxf6 40. Rxc4 Ke7 41. Rd4 Rh6 42. Ke5 Be8 43. Bb3 Rh5 44. Be6 b5 45. b4 Rg5 46. Rh4 Bh5 47. Rh2 a6 48. Rh4 Be8 49. Rh7+ Kf8 50. Kd6 Rh5 51. Rxh5 Bxh5 52. f6 Be2 53. a3 Bc4 54. Bc8 Kf7 55. Bxa6 Kxf6 56. Kc5 Ke7 57. Bxb5 Be6 58. a4 Kd8 59. Kb6 Kc8 60. a5 1-0

[Event "Bayern-chI Bank Hofmann"]
[Site "Bad Wiessee"]
[Date "1997.11.20"]
[Round "6"]
[White "Heuer, Thomas"]
[Black "Muehlbach, Peter"]
[Result "1/2-1/2"]
[WhiteElo "2260"]
[BlackElo "2100"]
[PlyCount "37"]
[EventDate "1997.11.15"]
[Source "ChessBase"]
[SourceDate "1998.03.09"]

1. d4 d5 2. Nf3 Nf6 3. c4 e6 4. Nc3 Be7 5. Bg5 O-O 6. e3 Nbd7 7. Rc1 c6 8. Bd3 dxc4 9. Bxc4 Nd5 10. Bxe7 Qxe7 11. O-O Nxc3 12. Rxc3 e5 13. dxe5 Nxe5 14. Nxe5 Qxe5 15. f4 Qe4 16. Bb3 Bf5 17. Qh5 g6 18. Qh6 Qe7 19. h3 1/2-1/2